Statistics for I Will Survive Lyrics

Click here to take the quiz!

General Stats

  • This quiz has been taken 24,071 times
    (24,046 since last reset)
  • The average score is 31 of 47

Answer Stats

Lyrics% Correct
I was {petrified}
94%
And I'll {survive}
93%
I will {survive}
93%
At first I was {afraid}
92%
I've got all my life to {live}
89%
{Without} {you} by my side
88%
walk out {the} {door}
86%
And I grew {strong},
86%
I've got all my love to {give}
85%
And I spent oh so {many} {nights}
85%
But then I spent so {many} {nights}
85%
And so you're {back}
83%
'cause you're not {welcome} anymore
82%
Thinking how you {did} {me} {wrong}
78%
from {outer} {space}
76%
and I learned how to {get} {along}
75%
Kept thinking I could {never} {live}
75%
I should have made you leave your {key}
73%
Oh as long as i know how to {love}
72%
Weren't you {the} {one}
71%
did you think I'd {lay} {down} and die
70%
Just {turn} {around} now
70%
If I had known for just {one} {second}
69%
Oh no, {not} {I}
67%
Go on {now} {go}
66%
still in love {with} {you}
66%
I should have changed that {stupid} {lock}
65%
you'd be back to {bother} {me}
64%
of my {broken} {heart}
62%
I used to {cry}
61%
Did you think I'd {crumble}
61%
I know I'll {stay} {alive}
58%
not to fall {apart}
57%
with that {sad} {look} upon your face
55%
It took all the {strength} I had
55%
But now I {hold} {my} {head} up high
53%
I just {walked} {in} to find you here
52%
who tried to {hurt} me with goodbye
51%
But now I'm {saving} all my loving
48%
just {feeling} {sorry} for myself
46%
Kept trying hard to {mend} the pieces
46%
for someone who's {loving} {me}
45%
And you see me {somebody} new
42%
and just expect me to be {free}
38%
who tried to {break} me with goodbye
32%
And so you felt like {dropping} in
22%
I'm not that {chained} up little person
21%

Score Distribution

Percentile by Number Answered

Percent of People with Each Score

Your Score History

You have not taken this quiz since the last reset